The Orcherd of Syon and the English mystical tradition.

Zapisane w:
Opis bibliograficzny
1. autor: Hodgson, Phyllis
Format: Książka
Język:English
Wydane: London : Oxford University Press, [1964?].
Seria:Sir Israel Gollancz memorial lecture ; 1964.
Hasła przedmiotowe:
LEADER 01068nam a2200253 i 4500
001 c000249310
003 CARM
005 00000000000000.0
008 840410s1964 enk 0 eng d
019 1 |a 9242459  |5 LACONCORD2021 
035 |a (OCoLC)5203390  |5 LACONCORD2021 
082 0 4 |a 235.2 
100 1 |a Hodgson, Phyllis. 
245 1 4 |a The Orcherd of Syon and the English mystical tradition. 
260 |a London :  |b Oxford University Press,  |c [1964?]. 
300 |a [229]-249 p. 
490 1 |a British Academy. Sir Israel Gollancz memorial lecture ;  |v 1964 
500 |a "From the Proceedings of the British Academy, volume 1.". 
600 0 0 |a Catherine,  |c of Siena, Saint,  |d 1347-1380.  |t Libro della divina dottrina. 
650 0 |a Mysticism  |x History  |y Middle Ages, 600-1500. 
830 0 |a Sir Israel Gollancz memorial lecture ;  |v 1964. 
852 8 |b CARM  |h A2:AQ26B0  |i C08578  |p 0330768  |f BK 
999 f f |i 21b6ded3-9ab9-5866-81bf-792dda268173  |s dd44b34b-384b-5cc9-8a6e-0b2069bbf33e 
952 f f |p Can circulate  |a CAVAL  |b CAVAL  |c CAVAL  |d CARM 1 Store  |e C08578  |f A2:AQ26B0  |h Other scheme  |i book  |m 0330768